Песни на сърцето (Запис номер 160570)
[ съкратено ]
| 000 -Лидер | |
|---|---|
| Контролно поле с фиксирана дължина | 01383nam a2200445 c 4500 |
| 003 - Код на организацията, давaща контролен номер | |
| Контролно поле | BLK |
| 005 - Дата и час на последна редакция | |
| Контролно поле | 20230816120412.0 |
| 008 - Елементи от данни с фиксирана дължина | |
| fixed length control field | 180410b bul|||||r ||||||| ||bul|| |
| 010 ## - Наследен системен номер | |
| LC control number | KNG00167796000 |
| 040 ## - Източник на каталожния запис | |
| Идентификатор на билиотеката - собственик на записа | BLK |
| 041 ## - Код за език | |
| Код за езика на текст/звукозапис или на отделно заглавие | Български |
| Код за езика КДБФ | Български |
| 072 #7 - Код за тематичната категория | |
| Код организация | bullib |
| Код за тематична категория | К |
| Текст | Краезнание |
| 072 #7 - Код за тематичната категория | |
| Код организация | bullib |
| Код за тематична категория | Я |
| Текст | Автографи |
| 080 ## - УДК | |
| Текстов определител УДК | Българска литература |
| УДК код - определител по УДК | 821.163.2 |
| УДК определител | -1 |
| УДК - код + определител | 821.163.2-1 |
| 100 1# - Редна дума - Автор | |
| Автор | Манчева, Екатерина Вл. |
| Авторска отговорност | първи автор |
| R(LIN) | 334912 |
| 139 ## - Редно поле | |
| Редна дума | Манчева, Екатерина Вл. |
| Авторски знак | Мант - М 28 |
| 245 10 - Сведения за заглавието | |
| Заглавие | Песни на сърцето |
| Подзаглавни данни | Стихове |
| Редно поле (дума) | Екатерина Вл. Манчева. |
| 257 ## - Страна на издаване | |
| Страна на създаване/издаване | България |
| 260 ## - Област на издателските данни | |
| Година на издаване | 1927 |
| Печатница | Русе : печ. Учител |
| 300 ## - Физическа характеристика | |
| Страници | 32 с. |
| Размери/Мащаб | 20 см |
| 380 ## - Жанр | |
| Жанр | Худож. лит. |
| 500 ## - Общи забележки | |
| Забележка | 2 500 тир. |
| 590 ## - Забележки на библиотеката, притежаваща документа (RLIN) | |
| Служебно | Автограф за Т. Дашков. |
| 653 ## - Ключова дума – ненормативна | |
| Ключова дума | стихотворения |
| 659 ## - Тематичен бюлетин | |
| Тематичен бюлетин | К |
| 659 ## - Тематичен бюлетин | |
| Тематичен бюлетин | Я |
| 852 ## - Местоположение | |
| Форматна сигнатура | Цб 19290 |
| 852 ## - Местоположение | |
| Форматна сигнатура | К 821.163.2/М 28 Е |
| 856 4# - Електронен адрес и достъп | |
| Електронен формат | pdf - файл |
| 856 4# - Електронен адрес и достъп | |
| Електронен формат | pdf - файл |
| 999 ## - СИСТЕМНИ КОНТРОЛНИ НОМЕРА | |
| Koha biblionumber | 160570 |
| Koha biblioitemnumber | 160570 |
| 942 ## - АРТИКУЛИ | |
| Вид на библиотечния материал | Книги |
| Скрит в OPAC | Не |
| Периодичен библиозапис | Да |
| Koha issues (borrowed), all copies | 1 |
| 944 ## - СЪЗДАВАНЕ И РЕДАКЦИЯ на ЗАПИСА | |
| Създаване/Редакция | Създаване |
| Дата на регистрацията/редакция | 27.11.2014 |
| Статус, дата на статуса | Валя Йорданова |
| Служител, извършил регистрацията/редакцията | 30558 |
| 944 ## - СЪЗДАВАНЕ И РЕДАКЦИЯ на ЗАПИСА | |
| Създаване/Редакция | Редакция |
| Дата на регистрацията/редакция | 20.02.2015 |
| Статус, дата на статуса | ф / 27.11.2014 |
| Служител, извършил регистрацията/редакцията | Пенка_Димитрова |
| 999 ## - СИСТЕМНИ КОНТРОЛНИ НОМЕРА | |
| Koha biblioitemnumber | 160570 |
| 999 ## - СИСТЕМНИ КОНТРОЛНИ НОМЕРА | |
| Koha biblioitemnumber | 160570 |
| 999 ## - СИСТЕМНИ КОНТРОЛНИ НОМЕРА | |
| Koha biblioitemnumber | 160570 |
| 999 ## - СИСТЕМНИ КОНТРОЛНИ НОМЕРА | |
| Koha biblioitemnumber | 160570 |
| 999 ## - СИСТЕМНИ КОНТРОЛНИ НОМЕРА | |
| Koha biblioitemnumber | 160570 |
| 999 ## - СИСТЕМНИ КОНТРОЛНИ НОМЕРА | |
| Koha biblioitemnumber | 160570 |
| Код за отписване | Код за изгубен артикул | Източник на класификационната схема | Код за повреда | Коз за рестрикции | Код за отдаване | Артикулен № | Име на библиотеката - собственик | Име на библиотеката, в която се намира в момента | Статус (Текущо местоположение) | Дата на вписване в системата | Местоположение - отдел | Цена в лева | Номерация (Хронология) | Инвентарен номер | Систематично азбучна сигнатура | Баркод | Номер на екземпляра | Цена в евро | Служебна бележка | Служебен тип на артикула |
|---|---|---|---|---|---|---|---|---|---|---|---|---|---|---|---|---|---|---|---|---|
| Не е изгубен | Universal Decimal Classification | Не е повреден | без рестрикции | ползва се в читалня | 268445 | Регионална библиотека "Любен Каравелов" Русе | Регионална библиотека "Любен Каравелов" Русе | Краезнание | 1927-01-01 | Краезнание | 0.30 | Автограф: Ек. Манчева | 9098/66 | К 821.163.2/М 28 Е | 900000003521 | 1 | 0.15 | Вид: СФ Дата: 01.01.1927 Дата инв: 14.11.2017 Бележки инв: К2017 | Книги | |
| Не е изгубен | Universal Decimal Classification | Не е повреден | без рестрикции | ползва се в читалня | 268446 | Регионална библиотека "Любен Каравелов" Русе | Регионална библиотека "Любен Каравелов" Русе | Краезнание | 1927-01-01 | Краезнание | 0.07 | 8138/65 | К 821.163.2/М 28 Е | 900000003520 | 2 | 0.04 | Дост: Pk Вид: Ф N: стар фонд Дата: 01.01.1927 Дата инв: 14.11.2017 Бележки инв: К2017 | Книги | ||
| Не е изгубен | Universal Decimal Classification | Не е повреден | без рестрикции | ползва се в читалня | 268447 | Регионална библиотека "Любен Каравелов" Русе | Регионална библиотека "Любен Каравелов" Русе | Краезнание | 1927-01-01 | Краезнание | 0.20 | 16881/66 | К 821.163.2/М 28 Е | 900000003519 | 3 | 0.10 | Дост: Pk Вид: Ф N: стар фонд Дата: 01.01.1927 Дата инв: 14.11.2017 Бележки инв: К2017 | Книги | ||
| Не е изгубен | Universal Decimal Classification | Не е повреден | без рестрикции | ползва се в читалня | 268448 | Регионална библиотека "Любен Каравелов" Русе | Регионална библиотека "Любен Каравелов" Русе | Краезнание | 1927-01-01 | Краезнание | 1.35 | 172429 | К 821.163.2/М 28 Е | 120000172429 | 4 | 0.69 | Дост: Pk Вид: Ф N: стар фонд Дата: 01.01.1927 Дата инв: 14.11.2017 Бележки инв: К2017 | Книги | ||
| Не е изгубен | Universal Decimal Classification | Не е повреден | без рестрикции | ползва се в читалня | 268449 | Регионална библиотека "Любен Каравелов" Русе | Регионална библиотека "Любен Каравелов" Русе | Хранилище | 1927-01-01 | Основен фонд - ползва се само за читалня | 0.00 | 472648 | Цб 19290 | 120000472648 | 5 | 0.00 | Дост: Pk Вид: Ф N: стар фонд Дата: 01.01.1927 | Книги | ||
| Не е изгубен | Universal Decimal Classification | Не е повреден | без рестрикции | ползва се в читалня | 268450 | Регионална библиотека "Любен Каравелов" Русе | Регионална библиотека "Любен Каравелов" Русе | Хранилище | 1927-01-01 | Основен фонд - ползва се само за читалня | 0.00 | 526474 | Цб 19290 | 120000526474 | 6 | 0.00 | Дост: Pk Вид: Ф N: стар фонд Дата: 01.01.1927 | Книги | ||
| Не е изгубен | Universal Decimal Classification | Не е повреден | без рестрикции | ползва се в читалня | 268451 | Регионална библиотека "Любен Каравелов" Русе | Регионална библиотека "Любен Каравелов" Русе | Краезнание | 1927-01-01 | Краезнание | 0.40 | 3322/61 | К 821.163.2/М 28 Е | 900000003394 | 7 | 0.20 | Дост: Pk Вид: Ф N: стар фонд Дата: 01.01.1927 Дата инв: 07.11.2017 Бележки инв: К2017 | Книги | ||
| Не е изгубен | Universal Decimal Classification | Не е повреден | без рестрикции | ползва се в читалня | 268452 | Регионална библиотека "Любен Каравелов" Русе | Регионална библиотека "Любен Каравелов" Русе | Краезнание | 2015-02-20 | Краезнание | 12.00 | 120000785628 | К 821.163.2/М 28 Е | 120000785628 | 8 | 6.14 | Дост: DA Вид: А N: 5 Дата: 20.02.2015 Дата инв: 07.11.2017 Бележки инв: К2017 | Книги | ||
| Не е изгубен | Universal Decimal Classification | Не е повреден | само за читалня | ползва се в читалня | 869552 | Регионална библиотека "Любен Каравелов" Русе | Регионална библиотека "Любен Каравелов" Русе | Хранилище | 2022-02-04 | Основен фонд - ползва се само за читалня | 0.00 | 526473 | Цб 19290 | 120000526473 | 0.00 | Книги |